000 00809nas a2200265 4500
001 BR2016003850
003 BR-BrBNA
005 20231205130608.0
007 ta
008 230509b bl.|||p| |||| 00| 00por d
040 _aBR-BrBNA
_bpor
_cBiblioteca Nacional de Agricultura
041 _a(Pt)
072 _aL60
100 1 _aLucena, C.A.S. de
245 1 _aRevisão taxonômica das espécies do gênero Roeboides grupo-affinis (Ostariophysi, Characiformes, Characidae)
650 _aPEIXE
650 _aTAXONOMIA ANIMAL
650 _aNOMECLATURA
650 _aESPÉCIE
650 _aRIO
650 _aAMAZONIA
773 0 _tIheringia. Série Zoologia (Brazil)
_xISSN 0073-4721
_g(Jun 2007), v.97(2) p. 117-136
_wBR2016003850
909 _a202311
_bLúcia
_c55
_dLúcia Elande
942 _2AGRIS
_n0
_cANA
999 _c250253
_d250253